Guess the Font - Statistics

General Stats
  • This quiz has been taken 168 times
  • The average score is 5 of 10
Answer Stats
Text Font % Correct
A quick brown fox jumps over the lazy dog. Arial
86%
A quick brown fox jumps over the lazy dog. Times
84%
A quick brown fox jumps over the lazy dog. Impact
60%
A quick brown fox jumps over the lazy dog. Comic Sans
55%
A quick brown fox jumps over the lazy dog. Helvetica
53%
A quick brown fox jumps over the lazy dog. Papyrus
48%
A quick brown fox jumps over the lazy dog. Courier
47%
A quick brown fox jumps over the lazy dog. Georgia
38%
A quick brown fox jumps over the lazy dog. Futura
30%
A quick brown fox jumps over the lazy dog. Bodoni
8%
No matching quizzes found
Score Distribution
Percent of People with Each Score
Percentile by Number Answered
Your Score History
You have not taken this quiz